Все "люди года" по версии журнала "Time" - Statistics

General Stats
  • This quiz has been taken 101 times
    26 since last reset
  • The average score is 37 of 104
Answer Stats
Год Страна Годы жизни Человек % Correct
1938 Нацистская Германия 1889-1945 Адольф Гитлер
100%
1939 | 1942 СССР 1878-1953 Иосиф Сталин
100%
2007 Россия 1952-... Владимир Путин
89%
1940 | 1949 Великобритания 1874-1965 Уинстон Черчилль
84%
1961 США 1917-1963 Джон Кеннеди
79%
2016 | 2024 США 1946-... Дональд Трамп
79%
1932 | 1934 | 1941 США 1882-1945 Франклин Рузвельт
74%
2008 | 2012 США 1961-... Барак Обама
74%
1987 | 1989 СССР 1931-2022 Михаил Горбачёв
63%
2022 Украина 1978-... Владимир Зеленский и "дух Украины"
63%
2020 США 1942-... Джо Байден
58%
1945 | 1948 США 1884-1972 Гарри Трумэн
53%
1971 | 1972 США 1913-1994 Ричард Никсон
53%
1980 | 1983 США 1911-2004 Рональд Рейган
53%
2021 США, ЮАР, Канада 1971-... Илон Маск
53%
1933 США 1882-1942 Хью Джонсон
47%
1937 Китайская Республика 1887-1975 Чан Кайши
47%
1944 | 1959 США 1890-1969 Дуайт Эйзенхауэр
47%
1958 Франция 1890-1970 Шарль де Голль
47%
1964 | 1967 США 1908-1973 Линдон Джонсон
47%
2015 Германия 1954-... Ангела Меркель
47%
1952 Великобритания 1926-2022 Елизавета II
47%
1930 Британская Индия 1869-1948 Махатма Ганди
42%
1957 СССР 1894-1971 Никита Хрущёв
42%
1976 США 1924-2024 Джимми Картер
42%
1983 СССР 1914-1984 Юрий Андропов
42%
1992 | 1998 США 1946-... Билл Клинтон
42%
1998 США 1946-... Кеннет Стар
42%
2010 США 1984-... Марк Цукерберг
42%
2013 Ватикан, Аргентина 1936-2025 Франциск
42%
2019 Швеция 2003-... Грета Тунберг
42%
1996 США, Тайвань 1952-... Дэвид Хо
37%
2000 | 2004 США 1946-... Джордж Буш-младший
37%
1953 ФРГ 1876-1967 Конрад Аденауэр
32%
1962 Ватикан, Италия 1881-1963 Иоанн XXIII
32%
1978 | 1985 Китай 1904-1997 Дэн Сяопин
26%
1979 Иран 1902-1989 Рухолла Хомейни
26%
1990 США 1924-2018 Джордж Буш-старший
26%
1999 США 1964-... Джефф Безос
26%
1935 Эфиопия 1892-1975 Хайле Селассие I
26%
1927 США 1902-1974 Чарльз Линдберг
21%
1943 | 1947 США 1880-1959 Джордж Маршалл
21%
1950 | 2003 США не указано Американский солдат
21%
1956 Венгрия не указано Венгерский борец за свободу
21%
1963 США 1929-1968 Мартин Лютер Кинг-младший
21%
1970 ФРГ 1913-1992 Вилли Брандт
21%
2020 США 1964-... Камала Харрис
21%
1994 Ватикан, Польша 1920-2005 Иоанн Павел II
21%
1928 США 1875-1940 Уолтер Крайслер
16%
1929 США 1974-1962 Оуэн Юнг
16%
1931 Франция 1883-1945 Пьер Лаваль
16%
1936 США, Великобритания 1896-1986 Уоллис Симпсон
16%
1937 Китайская Республика 1897-2003 Сун Мэйлин
16%
1951 Иран 1882-1967 Мохаммед Мосаддык
16%
1954 США 1888-1959 Джон Даллес
16%
1965 США 1914-2005 Уильям Уэстморленд
16%
1972 США 1923-2023 Генри Киссинджер
16%
1977 Египет 1918-1981 Анвар Садат
16%
1981 Польша 1943-... Лех Валенса
16%
1997 США, Венгрия 1936-2016 Эндрю Гроув
16%
2006 не указано не указано Ты
16%
2011 не указано не указано Протестующий
16%
2014 не указано не указано Борцы с лихорадкой Эбола
16%
2023 США 1989-... Тейлор Свифт
16%
1946 США 1879-1972 Джеймс Бирнс
11%
1955 США 1893-1962 Харлоу Кёртис
11%
1960 США не указано Учёные США
11%
1966 США не указано "Беби-бумеры"
11%
1973 США 1904-1992 Джон Сирика
11%
1974 Саудовская Аравия 1906-1975 Фейсал ас-Сауд
11%
1975 США не указано Американские женщины
11%
1982 не указано не указано Персональный компьютер
11%
1984 США 1937-... Питер Юберрот
11%
1986 Филиппины 1933-2009 Корасон Акино
11%
1988 не указано не указано Земля, находящаяся в опасности
11%
1991 США 1938-... Тед Тёрнер
11%
1993 Палестина, ЮАР, Израиль не указано "Миротворцы"
11%
1995 США 1943-... Ньют Гингрич
11%
2001 США 1944-... Рудольф Джулиани
11%
2002 США не указано "Разоблачители"
11%
2005 США, Ирландия не указано "Добрые самаритяне"
11%
2009 США 1953-... Бен Бернанке
11%
2017 не указано не указано "Нарушители молчания"
11%
2018 не указано не указано "Стражи"
11%
1968 США не указано Астронавты "Аполлона-8"
11%
1969 США не указано "Молчаливое большинство"
5%
2025 не указано не указано Архитекторы искусственного интеллекта
5%
No matching quizzes found
Score Distribution
Percent of People with Each Score
Percentile by Number Answered
Your Score History
You have not taken this quiz since the last reset